[Event "HZ Chess Tournament 2013"]
[Site "?"]
[Date "2013.08.05"]
[Round "4"]
[White "Milort, Gerard"]
[Black "Goormachtigh, Johan"]
[Result "1/2-1/2"]
[WhiteElo "1983"]
[BlackElo "2182"]
[PlyCount "56"]
[EventDate "2013.??.??"]

1. d4 Nf6 2. Nf3 g6 3. c4 Bg7 4. Nc3 d5 5. e3 c5 6. cxd5 Nxd5 7. Bb5+ Bd7 8.
Qb3 Nxc3 9. bxc3 cxd4 10. Bxd7+ Qxd7 11. cxd4 Nc6 12. Bd2 O-O 13. Rb1 b6 14.
O-O Rfd8 15. Bc3 Rac8 16. Rfd1 e6 17. Rbc1 Qd5 18. Qb1 f5 19. Ng5 Bf6 20. h4 h6
21. Nh3 g5 22. f3 Qd6 23. hxg5 hxg5 24. d5 Ne5 25. dxe6 Qxe6 26. Rxd8+ Rxd8 27.
Bd4 Nf7 28. Bxf6 Qxf6 1/2-1/2

[Event "HZ Chess Tournament 2013"]
[Site "?"]
[Date "2013.08.05"]
[Round "4"]
[White "Maris, Ivo"]
[Black "Bodicker, Rob"]
[Result "1-0"]
[WhiteElo "2171"]
[BlackElo "1985"]
[PlyCount "67"]
[EventDate "2013.??.??"]

1. d4 d5 2. c4 e6 3. Nc3 c5 4. cxd5 exd5 5. Nf3 Nc6 6. g3 Nf6 7. Bg2 Be7 8. O-O
O-O 9. dxc5 d4 10. Na4 Bf5 11. Bf4 Be4 12. Rc1 Qd5 13. Qb3 Qxb3 14. axb3 Rad8
15. Nd2 Bxg2 16. Kxg2 Nd5 17. Nc4 Nxf4+ 18. gxf4 Rfe8 19. Rfd1 Bf8 20. Kf3 g6
21. Rd2 Re6 22. Rcd1 Rd5 23. e3 Rf6 24. Nc3 Rh5 25. Ne4 Re6 26. exd4 Rh3+ 27.
Ng3 Rf6 28. d5 Nd8 29. Ne5 Bh6 30. Rd4 g5 31. Kg2 Rh4 32. fxg5 Bxg5 33. Rxh4
Bxh4 34. Rd4 1-0

[Event "HZ Chess Tournament 2013"]
[Site "?"]
[Date "2013.08.05"]
[Round "4"]
[White "Galle, Andre"]
[Black "Grochal, Joey"]
[Result "0-1"]
[WhiteElo "1976"]
[BlackElo "2170"]
[PlyCount "90"]
[EventDate "2013.??.??"]

1. d4 Nf6 2. Nf3 e6 3. g3 b6 4. Bg2 Bb7 5. c4 Bb4+ 6. Bd2 Qe7 7. a3 Bxd2+ 8.
Nbxd2 d6 9. O-O Nbd7 10. Re1 O-O 11. e4 e5 12. d5 a5 13. b4 Ng4 14. Nh4 Nh6 15.
Nf1 g6 16. Qd2 Kg7 17. Bh3 Bc8 18. Ne3 Nf6 19. Bxc8 Rfxc8 20. Nef5+ Nxf5 21.
exf5 axb4 22. fxg6 hxg6 23. Qg5 Qd7 24. axb4 Qg4 25. Qxg4 Nxg4 26. h3 Nh6 27.
g4 g5 28. Nf3 Kg6 29. Nd2 f5 30. f3 Ng8 31. Kg2 Ne7 32. Nb3 Kf6 33. Rxa8 Rxa8
34. Ra1 Rh8 35. Ra7 Ng6 36. f4 Nxf4+ 37. Kf1 Rxh3 38. Nd2 e4 39. gxf5 e3 40.
Ne4+ Kxf5 41. Rxc7 Ke5 42. Re7+ Kd4 43. Kg1 e2 44. Nxg5 Rg3+ 45. Kf2 Rg2+ 0-1

[Event "HZ Chess Tournament 2013"]
[Site "?"]
[Date "2013.08.05"]
[Round "4"]
[White "Bijlsma, Nick"]
[Black "Van Der Werff, Frank"]
[Result "1-0"]
[WhiteElo "2166"]
[BlackElo "1983"]
[PlyCount "113"]
[EventDate "2013.??.??"]

1. c4 Nf6 2. Nc3 e5 3. g3 d6 4. Bg2 g6 5. e3 Bg7 6. Nge2 O-O 7. O-O c6 8. d4
Re8 9. h3 h5 10. e4 exd4 11. Nxd4 Nbd7 12. Re1 Nc5 13. Bf4 Nh7 14. Nb3 Nxb3 15.
axb3 Be5 16. Be3 a6 17. f4 Bg7 18. Qd3 Qc7 19. Rad1 Bf8 20. f5 Bg7 21. g4 hxg4
22. hxg4 g5 23. Qxd6 Qxd6 24. Rxd6 Be5 25. Rd3 f6 26. Bb6 Nf8 27. Red1 Kf7 28.
Na4 Nd7 29. Rxd7+ Bxd7 30. Rxd7+ Re7 31. Rd3 Ke8 32. Rh3 Rf7 33. Kf1 Rc8 34.
Bc5 Rd8 35. Nb6 Bd6 36. Bxd6 Rxd6 37. Rh8+ Rf8 38. Rxf8+ Kxf8 39. Ke2 Rd4 40.
Bf3 Rd8 41. c5 Ke7 42. Nc4 Rh8 43. Bg2 Rh2 44. Kf3 Rh8 45. e5 fxe5 46. Nxe5 Kf6
47. Nc4 Rd8 48. Ke2 Rf8 49. Bf3 Re8+ 50. Kd2 Rd8+ 51. Kc2 Rh8 52. Nd6 Rh7 53.
Ne4+ Ke5 54. Nxg5 Rh2+ 55. Kc3 Kf4 56. Ne6+ Kxf3 57. f6 1-0

[Event "HZ Chess Tournament 2013"]
[Site "?"]
[Date "2013.08.05"]
[Round "4"]
[White "Roelofs, Rik"]
[Black "Van Der Heide, Auke"]
[Result "1/2-1/2"]
[WhiteElo "1975"]
[BlackElo "2163"]
[PlyCount "51"]
[EventDate "2013.??.??"]

1. e4 c6 2. d4 d5 3. Nc3 dxe4 4. Nxe4 Bf5 5. Ng3 Bg6 6. Nf3 Nd7 7. Nh4 e6 8.
Nxg6 hxg6 9. Bd3 Ngf6 10. c3 Qc7 11. Qf3 Bd6 12. Bd2 O-O-O 13. O-O-O e5 14. Kb1
exd4 15. cxd4 Nb6 16. Ne4 Nxe4 17. Bxe4 f5 18. Bc2 Nd5 19. Bb3 Nf6 20. Bg5 Kb8
21. Bxf6 gxf6 22. h4 f4 23. h5 gxh5 24. Rxh5 Rxh5 25. Qxh5 Qg7 26. Qf3 1/2-1/2

[Event "HZ Chess Tournament 2013"]
[Site "?"]
[Date "2013.08.05"]
[Round "4"]
[White "De Boer, Robert"]
[Black "Herbold, Manfred"]
[Result "1/2-1/2"]
[WhiteElo "1959"]
[BlackElo "2140"]
[PlyCount "52"]
[EventDate "2013.??.??"]

1. e4 c5 2. c3 d6 3. d4 Nf6 4. dxc5 Nc6 5. cxd6 Nxe4 6. Nf3 e5 7. Bb5 Bxd6 8.
O-O O-O 9. Nbd2 Nxd2 10. Bxd2 Qc7 11. Re1 Bg4 12. h3 Bh5 13. Be2 Rad8 14. Ng5
Bg6 15. Bh5 Bf5 16. Bg4 Qd7 17. Be3 Bxg4 18. Qxg4 Qc7 19. Rad1 h6 20. Nf3 f5
21. Qc4+ Qf7 22. Qxf7+ Rxf7 23. b4 b6 24. b5 Na5 25. Nxe5 Rc7 26. Bd4 Bc5
1/2-1/2

[Event "HZ Chess Tournament 2013"]
[Site "?"]
[Date "2013.08.05"]
[Round "4"]
[White "De Wolf, Johan"]
[Black "Sparreboom, Wil"]
[Result "1/2-1/2"]
[WhiteElo "2129"]
[BlackElo "1977"]
[PlyCount "81"]
[EventDate "2013.??.??"]

1. d4 d5 2. Nf3 c6 3. e3 Nf6 4. c4 dxc4 5. Bxc4 b5 6. Bb3 e6 7. Qe2 Bb4+ 8. Bd2
Bxd2+ 9. Nbxd2 O-O 10. O-O a5 11. e4 Na6 12. Rac1 Bb7 13. e5 Nd5 14. Ne4 Ra7
15. Bc2 Nab4 16. Bb1 Nf4 17. Qd2 Nbd5 18. Qc2 Ng6 19. a3 Ba8 20. Nc5 Re8 21.
Rfe1 Nf8 22. h4 f5 23. exf6 gxf6 24. g3 Rg7 25. Kh2 Qd6 26. Qd2 Ng6 27. Qxa5
Kh8 28. Rxe6 Rxe6 29. Nxe6 Qxe6 30. Qxa8+ Rg8 31. Qxc6 Qe2 32. Ng5 Qxf2+ 33.
Kh1 fxg5 34. Qxd5 gxh4 35. Bxg6 hxg6 36. Qe5+ Rg7 37. gxh4 Qf3+ 38. Kh2 Qf2+
39. Kh1 Qf3+ 40. Kh2 Qf2+ 41. Kh1 1/2-1/2

[Event "HZ Chess Tournament 2013"]
[Site "?"]
[Date "2013.08.05"]
[Round "4"]
[White "Van De Poel, Taco"]
[Black "Kampman, Tijmen"]
[Result "0-1"]
[WhiteElo "1959"]
[BlackElo "2126"]
[PlyCount "59"]
[EventDate "2013.??.??"]

1. e4 e6 2. d4 d5 3. e5 c5 4. c3 Nc6 5. Nf3 Bd7 6. Be2 Rc8 7. O-O Qb6 8. dxc5
Bxc5 9. b4 Bf8 10. Re1 Nge7 11. Bd3 Ng6 12. h4 Qc7 13. Qe2 f6 14. exf6 gxf6 15.
Na3 Be7 16. Nb5 Qb8 17. Bh6 Nf4 18. Bxf4 Qxf4 19. Rad1 O-O 20. g3 Qh6 21. Bb1
Rfe8 22. a3 a6 23. Nbd4 Nxd4 24. Nxd4 Bd6 25. Ba2 Kh8 26. Qf3 Be5 27. Qd3 Rg8
28. c4 Ba4 29. Rd2 dxc4 30. Bxc4 0-1

[Event "HZ Chess Tournament 2013"]
[Site "?"]
[Date "2013.08.05"]
[Round "4"]
[White "Oosterom, Erik"]
[Black "Gunther, Marcella"]
[Result "1-0"]
[WhiteElo "2125"]
[BlackElo "1949"]
[PlyCount "97"]
[EventDate "2013.??.??"]

1. d4 d5 2. c4 c6 3. Nc3 Nf6 4. e3 e6 5. Nf3 Nbd7 6. Qc2 Bd6 7. Bd3 O-O 8. O-O
dxc4 9. Bxc4 b5 10. Be2 a6 11. Rd1 Qc7 12. Ne4 Nxe4 13. Qxe4 Bb7 14. Qh4 c5 15.
Bd2 cxd4 16. Rac1 Qb6 17. Qxd4 Qxd4 18. Nxd4 Nf6 19. Ba5 Bd5 20. Bf3 Rac8 21.
Bxd5 Nxd5 22. g3 Bb4 23. Bxb4 Nxb4 24. a3 Nd5 25. Nc6 Rc7 26. e4 Nf6 27. f3 g6
28. Nb4 Rfc8 29. Rxc7 Rxc7 30. Rd8+ Kg7 31. Ra8 Rc1+ 32. Kf2 Rb1 33. Nd3 Rd1
34. Ke3 Rh1 35. Rxa6 Rxh2 36. Rb6 Nh5 37. g4 Ng3 38. Rxb5 Nf1+ 39. Kd4 Rd2 40.
a4 Nh2 41. a5 e5+ 42. Kc3 Nxf3 43. Nxe5 Rc2+ 44. Kxc2 Nd4+ 45. Kd3 Nxb5 46. Kc4
Nc7 47. b4 h5 48. gxh5 gxh5 49. Nf3 1-0

[Event "HZ Chess Tournament 2013"]
[Site "?"]
[Date "2013.08.05"]
[Round "4"]
[White "Krosenbrink, Marcel"]
[Black "Algra, Jouke"]
[Result "1-0"]
[WhiteElo "1949"]
[BlackElo "2114"]
[PlyCount "47"]
[EventDate "2013.??.??"]

1. e4 c6 2. d4 d5 3. f3 Qb6 4. Nc3 e6 5. Qd3 Nf6 6. Be3 Be7 7. O-O-O dxe4 8.
fxe4 Ng4 9. Nf3 Nxe3 10. Qxe3 Nd7 11. Qf4 Nf6 12. g4 h6 13. h4 Bd7 14. Be2 g6
15. Ne5 Rh7 16. Rhf1 O-O-O 17. g5 hxg5 18. hxg5 Nh5 19. Bxh5 Rxh5 20. Qxf7
Bxg5+ 21. Kb1 Be8 22. Qxe6+ Kb8 23. Rf8 Qxd4 24. Rxe8 1-0

[Event "HZ Chess Tournament 2013"]
[Site "?"]
[Date "2013.08.05"]
[Round "4"]
[White "Brookes, Christopher"]
[Black "Niewenhuis, Ruud"]
[Result "1-0"]
[WhiteElo "2112"]
[BlackElo "1941"]
[PlyCount "109"]
[EventDate "2013.??.??"]

1. c4 e5 2. Nc3 Nf6 3. g3 Bb4 4. Bg2 Nc6 5. Nd5 Bc5 6. d3 h6 7. Nf3 d6 8. O-O
Be6 9. Nd2 a6 10. Rb1 Bxd5 11. cxd5 Nb4 12. Qb3 a5 13. a3 a4 14. Qc4 Na6 15.
Qxa4+ Qd7 16. Qxd7+ Kxd7 17. b4 Bb6 18. Nc4 Ba7 19. Na5 Bb6 20. Nc4 Ba7 21. Bd2
Ke7 22. Kh1 b5 23. Ne3 Bxe3 24. Bxe3 Nb8 25. Rbc1 Rxa3 26. Rxc7+ Nbd7 27. Rb1
Ra2 28. Bf3 Rb8 29. Ba7 Ra8 30. Bb6 Rb8 31. Ba5 g5 32. h3 h5 33. g4 hxg4 34.
hxg4 Ne8 35. Rc6 e4 36. dxe4 Ne5 37. Rc3 Nxf3 38. exf3 Rxf2 39. Rbc1 Kd7 40.
Kg1 Re2 41. Rc6 Rb2 42. Ra6 Ke7 43. Rcc6 Kf6 44. Ra7 Ke5 45. Rxf7 Nf6 46. Bc7
Ra8 47. Bxd6+ Kd4 48. Bc5+ Kd3 49. Ra7 Rh8 50. Ra3+ Ke2 51. Rxf6 Rb1+ 52. Kg2
Rhh1 53. Ra2+ Kd3 54. Rfa6 Rhc1 55. d6 1-0

[Event "HZ Chess Tournament 2013"]
[Site "?"]
[Date "2013.08.05"]
[Round "4"]
[White "Senders, Justin"]
[Black "Van Der Zalm, Marnix"]
[Result "1-0"]
[WhiteElo "1938"]
[BlackElo "2091"]
[PlyCount "65"]
[EventDate "2013.??.??"]

1. e4 d6 2. d4 Nf6 3. Nc3 g6 4. f4 Bg7 5. Nf3 O-O 6. Be3 c6 7. Be2 Nbd7 8. Qd2
b5 9. e5 b4 10. exf6 bxc3 11. Qxc3 Nxf6 12. Qxc6 Bf5 13. Qa4 Nd5 14. Bd2 e5 15.
fxe5 dxe5 16. dxe5 Rc8 17. Rc1 f6 18. Ba5 Qe7 19. Bc4 Be6 20. Bxd5 Bxd5 21. Bb4
Qb7 22. Bxf8 Bxf8 23. O-O Rc4 24. Qa5 fxe5 25. Rcd1 Bc5+ 26. Kh1 Bc6 27. Qd8+
Kg7 28. Qg5 Rxc2 29. Qxe5+ Kg8 30. Rd8+ Bf8 31. Qf6 Qg7 32. Qe6+ Kh8 33. Ne1
1-0

[Event "HZ Chess Tournament 2013"]
[Site "?"]
[Date "2013.08.06"]
[Round "5"]
[White "Ikonnikov, Vyacheslav"]
[Black "Harikrishna, P."]
[Result "1/2-1/2"]
[WhiteElo "2555"]
[BlackElo "2696"]
[PlyCount "39"]
[EventDate "2013.??.??"]

1. d4 Nf6 2. Nf3 c6 3. c4 b5 4. cxb5 cxb5 5. e3 a6 6. a4 bxa4 7. Nc3 Bb7 8. Bd3
e6 9. O-O Nc6 10. e4 Nb4 11. Bb1 Be7 12. Rxa4 Bc6 13. Ra1 O-O 14. Bg5 d6 15.
Re1 Bb7 16. Na2 Nxa2 17. Rxa2 Nd7 18. Bd2 Qb8 19. Bd3 e5 20. Bc3 1/2-1/2

[Event "HZ Chess Tournament 2013"]
[Site "?"]
[Date "2013.08.06"]
[Round "5"]
[White "Huschenbeth, Niclas"]
[Black "Landa, Konstantin"]
[Result "1/2-1/2"]
[WhiteElo "2542"]
[BlackElo "2632"]
[PlyCount "128"]
[EventDate "2013.??.??"]

1. e4 c5 2. Nf3 Nc6 3. d4 cxd4 4. Nxd4 e6 5. Nc3 a6 6. Nxc6 bxc6 7. Bd3 Qc7 8.
Qe2 Bb7 9. e5 c5 10. O-O d5 11. exd6 Bxd6 12. Be4 Nf6 13. Bxb7 Qxb7 14. Bg5
Qxb2 15. Bxf6 gxf6 16. Ne4 Qe5 17. f4 Qd4+ 18. Kh1 f5 19. Ng3 Be7 20. Rab1 Rd8
21. Rb3 h5 22. Rd3 Qf6 23. Nxh5 Qg6 24. Ng3 Qg4 25. Qe5 Rh6 26. Rxd8+ Bxd8 27.
Rf3 c4 28. Qc5 Qh4 29. h3 Qg4 30. Kg1 Qg7 31. Qxc4 Bb6+ 32. Kh2 Qd4 33. Qxd4
Bxd4 34. Ra3 Ke7 35. Rxa6 Rh8 36. Ne2 Bf2 37. Ra3 Rc8 38. Rf3 Bb6 39. Rc3 Ra8
40. a3 Rd8 41. Nc1 Rd4 42. Nd3 Ba5 43. Rc6 Bd2 44. g3 Ra4 45. Rc7+ Ke8 46. h4
Rxa3 47. h5 Rc3 48. h6 Rxc7 49. h7 Bc3 50. Ne5 Bxe5 51. fxe5 Rxc2+ 52. Kh3 Rc4
53. h8=Q+ Ke7 54. Qf6+ Ke8 55. Kg2 Rg4 56. Qh8+ Ke7 57. Kf3 Re4 58. Qf6+ Ke8
59. Qg7 Ke7 60. Kg2 Ke8 61. Kh3 Ke7 62. Qf6+ Ke8 63. Qg5 Rd4 64. Qg8+ Ke7
1/2-1/2

[Event "HZ Chess Tournament 2013"]
[Site "?"]
[Date "2013.08.06"]
[Round "5"]
[White "Henrichs, Thomas"]
[Black "Reinderman, Dimitri"]
[Result "1-0"]
[WhiteElo "2458"]
[BlackElo "2598"]
[PlyCount "59"]
[EventDate "2013.??.??"]

1. d4 f5 2. Nf3 Nf6 3. c4 g6 4. Nc3 Bg7 5. e3 O-O 6. Be2 a5 7. O-O d6 8. a3 c6
9. Rb1 Nbd7 10. b4 axb4 11. axb4 e5 12. c5 Ne4 13. Na4 d5 14. Bb2 Qe7 15. b5 f4
16. exf4 Rxf4 17. Nb6 Nxb6 18. cxb6 exd4 19. Nxd4 c5 20. Nc6 bxc6 21. bxc6 Be6
22. Qc1 Qd6 23. Bxg7 Kxg7 24. Bf3 Nf6 25. Re1 Rc4 26. Qe3 Ne4 27. b7 Rb8 28.
Bxe4 Qxc6 29. Bd3 Rd4 30. Qe5+ 1-0

[Event "HZ Chess Tournament 2013"]
[Site "?"]
[Date "2013.08.06"]
[Round "5"]
[White "Krasenkow, Michal"]
[Black "Van Delft, Merijn"]
[Result "1-0"]
[WhiteElo "2635"]
[BlackElo "2415"]
[PlyCount "51"]
[EventDate "2013.??.??"]

1. d4 d5 2. c4 c6 3. Nf3 Nf6 4. Nc3 e6 5. e3 Nbd7 6. Qc2 Bd6 7. b3 O-O 8. Bb2
e5 9. Be2 exd4 10. Nxd4 dxc4 11. bxc4 Re8 12. O-O-O Bf8 13. g4 Re5 14. Rhg1 Qc7
15. g5 Ne8 16. Nf5 Kh8 17. Nh6 gxh6 18. f4 hxg5 19. fxe5 Nxe5 20. Rxg5 f6 21.
Rh5 Qf7 22. Ne4 Ng4 23. Bxg4 Bxg4 24. Nxf6 Nxf6 25. Bxf6+ Qxf6 26. Qxh7# 1-0

[Event "HZ Chess Tournament 2013"]
[Site "?"]
[Date "2013.08.06"]
[Round "5"]
[White "L'Ami, Erwin"]
[Black "L'Ami, Alina"]
[Result "1-0"]
[WhiteElo "2626"]
[BlackElo "2358"]
[PlyCount "92"]
[EventDate "2013.??.??"]

1. d4 Nf6 2. c4 g6 3. Nf3 Bg7 4. g3 O-O 5. Bg2 d6 6. Nc3 Nbd7 7. O-O e5 8. e4
c6 9. h3 exd4 10. Nxd4 Re8 11. Be3 Nc5 12. Qc2 Qe7 13. Rfe1 a5 14. b3 Bd7 15.
Rad1 Nfxe4 16. Nxe4 Nxe4 17. Bf4 d5 18. f3 Qc5 19. fxe4 Bxd4+ 20. Kh2 Be5 21.
Bxe5 Rxe5 22. exd5 Rxe1 23. Rxe1 cxd5 24. Qd2 d4 25. Rd1 Bc6 26. Qxd4 Qxd4 27.
Rxd4 Rc8 28. Bxc6 Rxc6 29. Kg2 Kf8 30. Rd7 b6 31. Kf3 Ke8 32. Rb7 Re6 33. g4 h6
34. Ra7 Re7 35. Ra6 Rb7 36. Ke4 Ke7 37. Ke5 f6+ 38. Kd5 Rd7+ 39. Ke4 Rd6 40. c5
bxc5 41. Rxa5 Rd4+ 42. Ke3 Kd6 43. Ra8 h5 44. gxh5 gxh5 45. Rd8+ Ke5 46. Rxd4
cxd4+ 1-0

[Event "HZ Chess Tournament 2013"]
[Site "?"]
[Date "2013.08.06"]
[Round "5"]
[White "Ernst, Sipke"]
[Black "Freeke, Matthieu"]
[Result "1-0"]
[WhiteElo "2560"]
[BlackElo "2332"]
[PlyCount "67"]
[EventDate "2013.??.??"]

1. c4 e6 2. Nc3 d5 3. d4 Nf6 4. Nf3 Be7 5. Bg5 h6 6. Bh4 O-O 7. e3 b6 8. Bd3
Bb7 9. O-O Nbd7 10. Qe2 c5 11. Bg3 Ne4 12. cxd5 exd5 13. Rad1 Qc8 14. Rc1 Ndf6
15. Ne5 Nxg3 16. hxg3 c4 17. Bb1 a6 18. f4 b5 19. Qf3 h5 20. Nd1 a5 21. Nf2 Ra6
22. f5 Re8 23. g4 hxg4 24. Nfxg4 Nxg4 25. Nxg4 Bg5 26. Kf2 f6 27. Rh1 Kf7 28.
Rh7 Rg8 29. Bc2 Qd8 30. Rch1 Qd6 31. a3 Raa8 32. R1h5 Rae8 33. Rxg5 fxg5 34. f6
1-0

[Event "HZ Chess Tournament 2013"]
[Site "?"]
[Date "2013.08.06"]
[Round "5"]
[White "Tan, Matthew"]
[Black "Burg, Twan"]
[Result "1/2-1/2"]
[WhiteElo "2444"]
[BlackElo "2486"]
[PlyCount "41"]
[EventDate "2013.??.??"]

1. e4 c5 2. Nf3 d6 3. Bb5+ Bd7 4. Bxd7+ Qxd7 5. c4 Nf6 6. Nc3 g6 7. d4 cxd4 8.
Nxd4 Bg7 9. O-O O-O 10. f3 Rc8 11. b3 d5 12. exd5 Nxd5 13. Nxd5 e6 14. Bh6 exd5
15. Bxg7 Kxg7 16. Nb5 dxc4 17. Nd6 Rd8 18. Nxb7 Qxd1 19. Rfxd1 Rxd1+ 20. Rxd1
cxb3 21. axb3 1/2-1/2

[Event "HZ Chess Tournament 2013"]
[Site "?"]
[Date "2013.08.06"]
[Round "5"]
[White "Harika, Dronavalli"]
[Black "Bezemer, Arno"]
[Result "1/2-1/2"]
[WhiteElo "2479"]
[BlackElo "2292"]
[PlyCount "66"]
[EventDate "2013.??.??"]

1. d4 Nf6 2. Bg5 Ne4 3. Bf4 c5 4. d5 Qb6 5. Nd2 Qxb2 6. Nxe4 Qb4+ 7. c3 Qxe4 8.
e3 g5 9. Bg3 Bg7 10. Rc1 d6 11. Nf3 Qg6 12. h4 h6 13. Bd3 f5 14. Qc2 O-O 15.
hxg5 hxg5 16. Bh2 Qf6 17. g4 fxg4 18. Bh7+ Kf7 19. Nd2 Ke8 20. Ne4 Qf3 21. Rg1
Bf5 22. Bxf5 Qxf5 23. Bxd6 Nd7 24. Bg3 Qxd5 25. Rd1 Qf5 26. Qd3 Rc8 27. Qd5
Qxd5 28. Rxd5 Nf6 29. Rxc5 Rxc5 30. Nxc5 Kf7 31. Be5 b6 32. Nd3 Rc8 33. Bd4 Ke6
1/2-1/2

[Event "HZ Chess Tournament 2013"]
[Site "?"]
[Date "2013.08.06"]
[Round "5"]
[White "Lalith, Babu M.R"]
[Black "Doberitz, Paul"]
[Result "1-0"]
[WhiteElo "2576"]
[BlackElo "2254"]
[PlyCount "69"]
[EventDate "2013.??.??"]

1. Nf3 g6 2. c4 Bg7 3. d4 c5 4. e4 cxd4 5. Nxd4 Nc6 6. Be3 d6 7. Nc3 Nf6 8. Be2
O-O 9. O-O Bd7 10. Qd2 Nxd4 11. Bxd4 Bc6 12. f3 Nd7 13. Be3 a5 14. b3 Qc7 15.
Rab1 Nc5 16. Rfc1 Rfc8 17. Rc2 Qd8 18. a3 Qf8 19. b4 axb4 20. axb4 Na4 21. Nd5
h5 22. Rb3 Qe8 23. Bg5 Bxd5 24. exd5 b5 25. cxb5 Rxc2 26. Qxc2 Rc8 27. Qd3 Nb2
28. Qe4 Qd7 29. Be3 Na4 30. Qd3 Nc3 31. Ra3 Qb7 32. Bf1 Nxd5 33. Ra7 Nxb4 34.
Qb3 Qb8 35. Qxb4 1-0

[Event "HZ Chess Tournament 2013"]
[Site "?"]
[Date "2013.08.06"]
[Round "5"]
[White "Zwirs, Nico"]
[Black "Zhao, Xue"]
[Result "0-1"]
[WhiteElo "2250"]
[BlackElo "2562"]
[PlyCount "104"]
[EventDate "2013.??.??"]

1. e4 e5 2. Nf3 Nc6 3. Bc4 Nf6 4. d3 Be7 5. O-O O-O 6. h3 d6 7. a4 a5 8. c3 d5
9. exd5 Nxd5 10. Re1 Nb6 11. Bb5 f6 12. d4 exd4 13. Bxc6 bxc6 14. Nxd4 Bd7 15.
Qf3 Nd5 16. Nd2 Re8 17. Nc4 Bc5 18. Bd2 Qb8 19. Rxe8+ Qxe8 20. Nb3 Bb6 21.
Nbxa5 Rxa5 22. Nxa5 Bxa5 23. b4 Bb6 24. c4 Ne7 25. Re1 Qf7 26. Qd3 Ng6 27. c5
Ba7 28. Bc3 Nf4 29. Qa6 Qd5 30. Qf1 Bf5 31. f3 Bxc5+ 32. bxc5 Qxc5+ 33. Kh1
Qxc3 34. Rc1 Qd2 35. Rxc6 h5 36. Rxc7 Ne2 37. Qa1 Ng3+ 38. Kg1 Qe3+ 39. Kh2
Nf1+ 40. Kh1 Qf4 41. Rxg7+ Kxg7 42. Qxf1 Qxa4 43. Qe1 h4 44. Qf2 Qf4 45. Qe1
Kf7 46. Qd1 Ke7 47. Qe1+ Be6 48. Qb1 Qd4 49. Qb7+ Bd7 50. Qb1 Kd6 51. Qe1 Ba4
52. g3 Qd1 0-1

[Event "HZ Chess Tournament 2013"]
[Site "?"]
[Date "2013.08.06"]
[Round "5"]
[White "Zaragatski, Ilja"]
[Black "Vedder, Richard"]
[Result "1/2-1/2"]
[WhiteElo "2505"]
[BlackElo "2238"]
[PlyCount "81"]
[EventDate "2013.??.??"]

1. c4 e5 2. Nc3 Nc6 3. Nf3 f5 4. d4 e4 5. Bg5 Nf6 6. Nd2 Be7 7. e3 O-O 8. Be2
d6 9. O-O Qe8 10. f3 exf3 11. Bxf3 Ne4 12. Bxe7 Nxc3 13. bxc3 Qxe7 14. e4 Qg5
15. Qc2 Bd7 16. Rae1 Rae8 17. e5 dxe5 18. Bd5+ Kh8 19. Nf3 Qh6 20. dxe5 Nd8 21.
Nd4 c6 22. Bf3 g6 23. Qa4 a6 24. Qb4 Qg7 25. Qd6 Be6 26. c5 Qe7 27. Rf2 Nf7 28.
Qxe7 Rxe7 29. Rb2 Bc8 30. e6 Nd8 31. Bd1 Rfe8 32. Bb3 Kg7 33. g4 fxg4 34. Rbe2
h5 35. Kg2 Rf8 36. a4 Rfe8 37. a5 Rf8 38. Kg3 Rf6 39. Kh4 Kh6 40. Kg3 Kg7 41.
Kh4 1/2-1/2

[Event "HZ Chess Tournament 2013"]
[Site "?"]
[Date "2013.08.06"]
[Round "5"]
[White "Swapnil, S. Dhopade"]
[Black "Maatman, Nick"]
[Result "1-0"]
[WhiteElo "2489"]
[BlackElo "2207"]
[PlyCount "57"]
[EventDate "2013.??.??"]

1. d4 Nf6 2. c4 g6 3. Nc3 Bg7 4. e4 d6 5. Nf3 O-O 6. h3 e5 7. d5 Nh5 8. Be3 a5
9. Nd2 Qe8 10. c5 f5 11. cxd6 cxd6 12. Nb5 Qd8 13. exf5 Nf4 14. fxg6 Bf5 15.
gxh7+ Kh8 16. Nc4 Na6 17. Ncxd6 Bg6 18. a3 Qf6 19. Nc4 Rac8 20. g3 Rxc4 21.
Bxc4 Ng2+ 22. Kd2 Nxe3 23. fxe3 Qb6 24. Rf1 Rc8 25. Qg4 Rc5 26. d6 Rxb5 27.
Qxg6 Rxb2+ 28. Kd1 Qd8 29. Rf7 1-0

[Event "HZ Chess Tournament 2013"]
[Site "?"]
[Date "2013.08.06"]
[Round "5"]
[White "Sibriaev, Aleksandr"]
[Black "Kohlweyer, Bernd"]
[Result "0-1"]
[WhiteElo "2239"]
[BlackElo "2440"]
[PlyCount "58"]
[EventDate "2013.??.??"]

1. c4 g6 2. Nc3 c5 3. g3 Bg7 4. Bg2 Nc6 5. e3 Bxc3 6. dxc3 Qc7 7. Ne2 b6 8. O-O
Bb7 9. e4 d6 10. Nf4 e6 11. Qe2 Nge7 12. Nd3 h6 13. h4 O-O-O 14. Be3 f6 15. b4
g5 16. h5 f5 17. exf5 exf5 18. Rab1 Rhe8 19. Rfd1 Kb8 20. a4 f4 21. gxf4 Nf5
22. a5 cxb4 23. axb6 axb6 24. Qg4 Nxe3 25. fxe3 bxc3 26. Rdc1 Rxe3 27. Rxc3 Nd4
28. Rb2 gxf4 29. Kf2 Rg3 0-1

[Event "HZ Chess Tournament 2013"]
[Site "?"]
[Date "2013.08.06"]
[Round "5"]
[White "Ris, Robert"]
[Black "Stefan, Romulus-Cristian"]
[Result "1-0"]
[WhiteElo "2424"]
[BlackElo "2188"]
[PlyCount "41"]
[EventDate "2013.??.??"]

1. e4 d6 2. Nc3 Nf6 3. f4 d5 4. e5 d4 5. Nce2 Ng8 6. Nf3 c5 7. Ng3 Nh6 8. Bd3
e6 9. O-O Nc6 10. Be4 Qb6 11. c4 Be7 12. d3 Bd7 13. a3 Nf5 14. Qe1 a5 15. Nh5
O-O-O 16. g4 Nh6 17. h3 f5 18. exf6 gxf6 19. f5 Nf7 20. fxe6 Bxe6 21. Nf4 1-0

[Event "HZ Chess Tournament 2013"]
[Site "?"]
[Date "2013.08.06"]
[Round "5"]
[White "Bosboom, Manuel"]
[Black "Meertens, Martin"]
[Result "1-0"]
[WhiteElo "2396"]
[BlackElo "2177"]
[PlyCount "55"]
[EventDate "2013.??.??"]

1. c4 c6 2. Nf3 d5 3. e3 Nf6 4. Nc3 e6 5. b3 Bd6 6. Bb2 O-O 7. Rg1 e5 8. g4 d4
9. g5 dxc3 10. gxf6 Qxf6 11. Bxc3 Nd7 12. Rg3 Qe7 13. Qc2 a5 14. O-O-O Bb4 15.
Bd3 g6 16. Bb2 Ba3 17. Rdg1 Bxb2+ 18. Kxb2 Nf6 19. Ng5 Kh8 20. Qc3 a4 21. bxa4
Kg8 22. Bc2 Re8 23. h4 Nh5 24. Rf3 f6 25. Nxh7 Qxh7 26. Bxg6 Qg7 27. Bxe8 Qxg1
28. Bxh5 1-0

[Event "HZ Chess Tournament 2013"]
[Site "?"]
[Date "2013.08.06"]
[Round "5"]
[White "Grochal, Joey"]
[Black "Leenhouts, Koen"]
[Result "1-0"]
[WhiteElo "2170"]
[BlackElo "2379"]
[PlyCount "77"]
[EventDate "2013.??.??"]

1. d4 Nf6 2. c4 g6 3. Nc3 d5 4. cxd5 Nxd5 5. e4 Nxc3 6. bxc3 Bg7 7. Be3 O-O 8.
Qd2 c5 9. Rc1 b6 10. Nf3 Bb7 11. d5 Nd7 12. c4 e6 13. Bd3 exd5 14. exd5 Ne5 15.
Nxe5 Bxe5 16. O-O Qd6 17. g3 Rfe8 18. Rfe1 h5 19. Bf1 Re7 20. Bg5 f6 21. Be3
Rae8 22. f4 Bb2 23. Qxb2 Rxe3 24. Qd2 R3e7 25. Kf2 Kf7 26. Bh3 Rxe1 27. Rxe1
Rxe1 28. Qxe1 Ba6 29. Be6+ Kg7 30. Qe2 h4 31. f5 hxg3+ 32. hxg3 gxf5 33. Qh5
Qe7 34. Qxf5 Kf8 35. Qh5 Kg7 36. Qg4+ Kh7 37. Qg8+ Kh6 38. Bf7 Qe4 39. Qh8+ 1-0

[Event "HZ Chess Tournament 2013"]
[Site "?"]
[Date "2013.08.06"]
[Round "5"]
[White "Berkovich, Mark A"]
[Black "Maris, Ivo"]
[Result "1-0"]
[WhiteElo "2375"]
[BlackElo "2171"]
[PlyCount "81"]
[EventDate "2013.??.??"]

1. d4 Nf6 2. Nf3 g6 3. Bg5 Bg7 4. Nbd2 O-O 5. c3 d6 6. e4 c5 7. dxc5 dxc5 8.
Be2 h6 9. Bf4 Nc6 10. h3 b6 11. O-O Nh5 12. Bh2 e5 13. Bb5 Bb7 14. Bxc6 Bxc6
15. Bxe5 Bxe5 16. Nxe5 Bb5 17. c4 Ba6 18. Ndf3 Qe8 19. Qd2 f6 20. Ng4 Bxc4 21.
Rfe1 Be6 22. Nxh6+ Kg7 23. Nf5+ Kg8 24. Nh6+ Kg7 25. Ng4 g5 26. e5 f5 27. Nf6
Nxf6 28. exf6+ Rxf6 29. Nxg5 Qc6 30. f4 Re8 31. Qc3 Bf7 32. Rxe8 Bxe8 33. Re1
Bf7 34. Re7 Kf8 35. Rxa7 Bg6 36. Qg3 Rd6 37. Qh4 Kg8 38. Qh6 Rd1+ 39. Kh2 Qf6
40. Ra8+ Rd8 41. Rxd8+ 1-0

[Event "HZ Chess Tournament 2013"]
[Site "?"]
[Date "2013.08.06"]
[Round "5"]
[White "De Jong, Migchiel"]
[Black "Bijlsma, Nick"]
[Result "0-1"]
[WhiteElo "2345"]
[BlackElo "2166"]
[PlyCount "34"]
[EventDate "2013.??.??"]

1. e4 c5 2. Nf3 d6 3. d4 cxd4 4. Nxd4 Nf6 5. f3 e5 6. Nb3 a5 7. a4 Nc6 8. c4
Nxe4 9. fxe4 Qh4+ 10. Kd2 Qf4+ 11. Kc3 Qxe4 12. Qd3 Qh4 13. Qg3 Qh5 14. Be3 d5
15. cxd5 Qd1 16. Bb5 Bb4+ 17. Kc4 Qe2# 0-1